|
|
|
|
| LEADER |
01544nam a2200361 a 4500 |
| 001 |
39267 |
| 003 |
BD-DhAAL |
| 008 |
220807t1995 enka b 001 0 eng d |
| 999 |
|
|
|c 44792
|d 44792
|
| 010 |
|
|
|a 95033961
|
| 020 |
|
|
|a 0195211065 (alk. paper)
|
| 020 |
|
|
|a 9780195211061
|
| 040 |
|
|
|a DLC
|c DLC
|d DLC
|d BD-DhAAL
|
| 043 |
|
|
|a d------
|
| 050 |
0 |
0 |
|a HD4420.8
|b .B87 1995
|
| 082 |
0 |
0 |
|a 338.62091724
|2 20
|
| 245 |
0 |
0 |
|a Bureaucrats in business :
|b the economics and politics of government ownership.
|
| 260 |
|
|
|a Oxford ;
|a New York :
|b Oxford University Press,
|c c1995.
|
| 300 |
|
|
|a xix, 346 pages :
|b illustrations (some colors) ;
|c 24 cm.
|
| 440 |
|
2 |
|a A World Bank policy research report,
|x 1020-0851
|9 50690
|
| 500 |
|
|
|a "Published for the World Bank."
|
| 504 |
|
|
|a Includes bibliographical references (pages 325-340) and index.
|
| 541 |
|
|
|a Donated By Akbar Ali Khan
|e 39267
|
| 650 |
|
0 |
|a Government ownership
|z Developing countries.
|9 50691
|
| 650 |
|
0 |
|a Government business enterprises
|z Developing countries.
|9 50692
|
| 650 |
|
0 |
|a Industrial efficiency
|z Developing countries.
|9 50693
|
| 650 |
|
0 |
|a Socialism
|z Developing countries.
|9 50694
|
| 650 |
|
0 |
|a Economics.
|9 50695
|
| 651 |
|
0 |
|a Developing countries
|x Economic conditions.
|9 50696
|
| 710 |
2 |
|
|a World Bank.
|9 50697
|
| 852 |
|
|
|a Ayesha Abed Library
|c Akbar Ali Khan Collection
|
| 942 |
|
|
|2 ddc
|c BK
|
| 952 |
|
|
|0 0
|1 0
|2 ddc
|4 0
|6 338_620917240000000_BUR
|7 1
|9 71600
|a BRACUL
|b BRACUL
|c AAKC
|d 2022-08-07
|e Donated by Akbar Ali Khan
|l 0
|o 338.62091724 BUR
|p 3010039267
|r 2022-08-07
|t 1
|w 2022-08-07
|y BK
|